| 000 | 04398nam a2200301 4500 | ||
|---|---|---|---|
| 003 | EC-UNACH | ||
| 005 | 20251205142253.0 | ||
| 006 | s||||gr|||| 00| 00 | ||
| 008 | 150116t9999 mx r gr 000 0 spa d | ||
| 020 | _a978-9978-81-181-8 | ||
| 040 |
_aEC-UNACH _cEC-UNACH |
||
| 041 | _aspa | ||
| 082 | 0 | 4 |
_223 _a3441 _bL018434 |
| 110 | _aEdiciones legales EDLE S,A | ||
| 245 | _aManual práctico y analítico | ||
| 250 | _aPrimera edición | ||
| 264 |
_aEcuador _bEdiciones legales EDLE S,A _c2016 |
||
| 300 | _a146 | ||
| 505 | _aCAPÍTULO I PROCEDIMIENTOS 1. Procesos 1.1. Aplicación de los principios de simplificación y uniformidad 1.2. Tipos de procesos 1.3. Procesos de conocimiento 1.3.1. Procedimiento ordinario 1.3.1.1. Generalidades 1.3.1.2. Características 1.3.2.Procedimiento sumario 1.3.2.1. Generalidades 1.3.2.2. Características 1.4. Procesos de ejecución 1.4.1. Procedimiento ejecutivo 1.4.1.1. Generalidades 1.4.1.2. Cambios respecto de los títulos ejecutivos 1.4.1.3. Cambios respecto de la obligación ejecutiva 1.4.1.4. Particularidades respecto de los actos de proposición 1.4.1.4.1. La demanda y su calificación 1.4.1.4.2. La contestación a la demanda 1.4.1.5. La audiencia única 1.4.1.6. Características 1.4.2. Procedimiento monitorio III Ernesto Guarderas, María Belén Cañas, Ricardo Hernández 1.4.2.1. Generalidades 1.4.2.2. Procedimiento 1.4.2.3. Características 1.5. Procedimientos de carácter no contencioso 1.5.1. Procedimientos voluntarios 1.5.1.1. Generalidades 1.5.1.2. Procedimiento 1.5.2. Pago por consignación 1.5.3. Rendición de cuentas 1.5.4. Divorcio o terminación de unión de hecho por mutuo consentimiento 1.5.5. Inventario 1.5.6. Partición y autorización de venta de bienes de niñas, niños, adolescentes y de personas sometidas a guarda CAPÍTULO II AUDIENCIAS 1. Normas y disposiciones generales sobre audiencias 1.1. Dirección, instalación e iniciación 1.2. Facultades de las partes procesales 1.3. Reglas de desarrollo de la audiencia 2. Audiencia preliminar o fase inicial de la audiencia única 2.1. Breves recomendaciones 2.2. Etapas o momentos de la audiencia 2.2.1. Primer momento: Saneamiento y convalidación 2.2.1.1. Excepción previa insubsanable de incompetencia 2.2.1.2. Otras excepciones previas insubsanables 2.2.1.3. Excepciones previas subsanables 2.2.1.4. Otra excepción previa no contemplada 2.2.1.5. Recursos sobre excepciones previas 2.2.1.5.1. Horizontales 2.2.1.5.2. Verticales 2.2.1.6. Validez del proceso 2.2.2. Segundo momento: Presentación del caso al juez a través de la fundamentación verbal de los actos de proposición y fijación de los puntos en debate. 2.2.2.1. Presentación del caso 2.2.2.2. Fijación de los puntos en debate 2.2.3. Tercer momento: Conciliación 2.2.3.1. Actuación de las partes 2.2.3.2. Actuación del juez 2.2.3.3. Derivación a centros de mediación 2.2.4. Cuarto momento: Anuncio y debate probatorio CAPÍTULO III TEORIA DEL CASO Y TÉCNICAS DE LITIGACIÓN ORAL 1. Teoría del caso en materias no penales 1.1. Concepto 1.2. Características 1.2.3. Completa y autosuficiente 1.2.2. Única 1.2.3. Coherente 1.2.4. Simple y clara 1.2.5. Verosímil 1.2.6. Breve 1.2.7. Flexible 1.2.8. Debe permitir un análisis estratégico de toda la evidencia propia y de la contraria con miras al juicio oral 1.2.9. Debe permitir ordenar la presentación de la evidencia en el juicio 1.2.10. Suficiencia jurídica 1.3. Etapas de construcción 1.3.1. Primer paso 1.3.2. Segundo paso 1.3.3. Tercer paso 1.3.4. Cuarto paso 1.4. Proposiciones fácticas 1.4.1. Proposiciones fácticas fuertes 1.4.2. Proposiciones fácticas débiles VIII Manual Práctico y Analítico 2. Oratoria Forense 2.1. Concepto 2.2. Generalidades 2.3. Características 2.4. Preparación de la audiencia oral no penal 2.5. El buen orador en la sala de audiencias BIBLIOGRAFÍA. | ||
| 650 | _aREGLAS DE DESARROLLO DE LA AUDIENCIA | ||
| 650 | _aBREVES RECOMENDACIONES | ||
| 650 | _aEFECTOS DE LA DECLARACIÓN | ||
| 700 | _aDr. Ernesto Guarderas Izquierdo / Ab María Belén Cañas / Ab Ricardo Hernández González | ||
| 942 |
_2ddc _c1 |
||
| 999 | _c14261 | ||